Missing 'I' Acronyms Quiz Stats

 Plays Quiz Updated Feb 18, 2019

Support Sporcle.
Go Orange.
Score 0/30 Timer 05:00
4 Plays Today
% Correct
I
93.9%
Important
93.6%
In
93.4%
Information
93.3%
It
93.3%
Influence
92.9%
Investigation
91%
Intelligence
90.5%
Infant
88.9%
Institute
88.8%
If
88.7%
Investigator
88.2%
Instant
87.6%
Ingvar
86.7%
Inter
86.2%
% Correct
Inspection
81.5%
Immigration
80.9%
Internal
80.8%
Investment
73.2%
International
73.2%
Insurance
71.8%
Intervention
64.2%
Internet
63.5%
Inductively
59.9%
Issue
51%
Interface
44.1%
Indian
42.1%
Irish
41.1%
Identity
38.9%
Israel
30.1%

From the Vault

5 in 15: Asian Countries

by Doctor_Arzt

Geography 15s
If you get 1 in 3, it's like the same thing, right? That's how reducing fractions works.
Remove Ads.
Support Sporcle.
Get the best of Sporcle when you Go Orange. This ad-free experience offers more features, more stats, and more fun while also helping to support Sporcle. Thank you for becoming a member.

Show Comments

Extras

Top Quizzes Today


Score Distribution

Your Account Isn't Verified!

In order to create a playlist on Sporcle, you need to verify the email address you used during registration. Go to your Sporcle Settings to finish the process.

Report this User

Report this user for behavior that violates our Community Guidelines.

Details: